BAY KAPLAN YABANA ÇIKIYOR (Kayıt no. 1033620)

MARC ayrıntıları
000 -LEADER
sabit uzunluktaki kontrol alanı 00254nam a2200097Ia 4500
001 - KONTROL NUMARASI
kontrol alanı 1033620
005 - EN SON İŞLEMİN TARİH VE ZAMANI
kontrol alanı 20250826231712.0
008 - SABİT-UZUNLUKTA VERİ ÖĞELERİ--GENEL BİLGİ
sabit uzunluktaki kontrol alanı 250824s9999 xx 000 0 und d
245 #0 - ESER / YAZAR
ESER ADI BAY KAPLAN YABANA ÇIKIYOR
Yazar Adı PETER BROWN
260 ## - YAYIN, DAĞITIM, VB.
YAYIN EVİ HEP KİTAP YAYINLARI
Mevcut
Düşüm durumu Kayıp durumu Hasar Durumu Ödünç verilmez Ana kütüphane Geçerli Kütüphane Edinilen tarih Toplam ödünç verme sayısı Barkod Son görüntüleme tarihi Fiyatın geçerli olmaya başladığı tarih Koha materyal türü
        YUKARI PINARBAŞI İLK VE ORTAOKULU YUKARI PINARBAŞI İLK VE ORTAOKULU 24.08.2025   1069578 26.08.2025 26.08.2025 Kitaplar
Gemini Bilgi Teknolojileri A.Ş. tarafından düzenlenmiştir.